Golden Globe Award for Best Actress – Television Series Musical or Comedy - Statistics

General Stats
  • This quiz has been taken 101 times
  • The average score is 19 of 59
Answer Stats
Year Actress % Correct
2002 Jennifer Aniston
75%
2008 Tina Fey
67%
2007 Tina Fey
67%
1970 Mary Tyler Moore
65%
1964 Mary Tyler Moore
65%
2013 Amy Poehler
56%
2003 Sarah Jessica Parker
55%
2001 Sarah Jessica Parker
55%
2000 Sarah Jessica Parker
55%
1999 Sarah Jessica Parker
55%
1991 Candice Bergen
51%
1988 Candice Bergen
51%
1996 Helen Hunt
46%
1994 Helen Hunt
46%
1993 Helen Hunt
46%
1984 Shelley Long
46%
1992 Roseanne Barr
45%
2005 Mary-Louise Parker
43%
1990 Kirstie Alley
40%
1977 Carol Burnett
39%
1976 Carol Burnett
39%
1971 Carol Burnett
39%
1969 Carol Burnett
39%
1967 Carol Burnett
39%
1973 Jean Stapleton
37%
1972 Jean Stapleton
37%
1974 Valerie Harper
35%
2004 Teri Hatcher
33%
2016 Tracee Ellis Ross
30%
1985 Estelle Getty
27%
1975 Cloris Leachman
26%
2015 Rachel Bloom
26%
2014 Gina Rodriguez
25%
2012 Lena Dunham
25%
1997 Calista Flockhart
24%
2006 America Ferrera
23%
1973 Cher
19%
1995 Cybill Shepherd
19%
1986 Cybill Shepherd
19%
1985 Cybill Shepherd
19%
2010 Laura Linney
19%
1982 Debbie Allen
18%
2011 Laura Dern
17%
2009 Toni Collette
17%
1966 Marlo Thomas
15%
1962 Donna Reed
14%
1998 Jenna Elfman
14%
1987 Tracey Ullman
14%
1979 Linda Lavin
13%
1978 Linda Lavin
13%
1968 Diahann Carroll
11%
1980 Katherine Helmond
11%
1965 Anne Francis
8%
1981 Eileen Brennan
8%
1989 Jamie Lee Curtis
8%
1983 Joanna Cassidy
8%
1963 Inger Stevens
7%
1969 Julie Sommars
7%
1961 Pauline Fredericks
6%
No matching quizzes found
Score Distribution
Percent of People with Each Score
Percentile by Number Answered
Your Score History
You have not taken this quiz